groei en o - Statistics

General Stats
  • This quiz has been taken 2 times
  • The average score is 7 of 15
Answer Stats
Hint Answer % Correct
2P beperkte groei van wat langere, licht
gepigmenteerde donsharen
100%
1P afwezigheid pubisbeharing
50%
4J breedte- en lengtegroei van de penis, duidelijke
vormontwikkeling vd eikel
50%
2m ‘bud’ stadium: verdikking van de areola als een
beperkte uitstulping
50%
5m enkel tepel is verhoogd tov
borst, tepelhof (gekleurd) op zelfde niveau van de borst
50%
5J mature vorm/grootte van
genitalia. Lichte afname in penisgrootte na post-
adolescentie piek.
3. Seksuele maturiteit
50%
4m Tepelhof en papilla vormen nu een tweede
verhoging
50%
1J testes, scrotum en penis zijn
ongeveer even groot en proportioneel zoals in de vroege
kindertijd
50%
3m Verdere verdikking van borst en tepelho
50%
1m verdikking van de tepel
50%
2J vergroting van testes en scrotum
50%
3J verlenging van de penis
50%
3P zichtbaar donkere beharing, meer gekruld, net
over het pubisgewricht
50%
4P matuur uitziend gekruld haar
0%
5P volwassen vorm en
oppervlakte, omgekeerde driehoek, uitgroei naar liesstreek
0%
No matching quizzes found
Score Distribution
Percent of People with Each Score
Percentile by Number Answered
Your Score History
You have not taken this quiz